000
00265nam a2200109Ia 4500
008
220204s9999 xx 000 0 und d
082
_a
07(540)
_b
SAH
100
_a
Sahni, J N
245
0
_a
Truth about the Indian press
260
_a
Bombay
_b
Allied
_c
1974
942
_c
BK
999
_c
22994
_d
22994